000 00419 a2200133 4500
001 ART_46176
005 20260410162053.0
008 260409a
245 1 0 _aGestión social de vacíos urbanos en la ciudad Autónoma de Buenos Aires
100 1 _aCavalieri, Mariana
700 1 _aGerscovich, Alicia
700 1 _aWainstein-Krasuk, Olga
773 0 _tPampa
_g- Año 6, Nº 6 (nov. 2010)
_wREV46129
999 _c36029
_d36029